000
00408nam a2200133Ia 4500
008
100328s9999 xx 000 0 und d
082
_b
33919
100
_a
हरकारे अरुण.
245
_a
करावं तसं भरावं
260
_b
रावजी
630
_a
करावं तसं भरावं
730
_a
करावं तसं भरावं
942
_c
BOOK
999
_c
524223
_d
524220